=LDR 00000nam 2200000 4500 =001 INLIS000000000015249 =005 20130612110529 =008 ***********************************Ind** =035 ##$$0010-061300000015249 =041 ##$$a Ind =082 ##$$a 632.93 =090 ##$$a 632.93, Mat-p =100 ##$$a Marnawy, Hudi =245 ##$$a Perlindungan Tanaman, Hudi Marnawy =260 ##$$a 1992 $b Yogyakarta =300 ##$$a 121 hlm, Ilus, 21 cm =650 ##$$a Tanaman-Perlindungan =850 ##$$a NBPNMAT =990 ##$$a 1047210472